[Event "SVK-chT1E 0910"]
[Site "Slovakia"]
[Date "2010.02.14"]
[Round "9.5"]
[White "Klein, Peter"]
[Black "Csolto, Tibor"]
[Result "1/2-1/2"]
[WhiteElo "2054"]
[BlackElo "2218"]
[PlyCount "33"]
[EventDate "2009.10.17"]
[EventType "team"]
[EventRounds "11"]
[EventCountry "SVK"]
[SourceTitle "EXT 2011"]
[Source "ChessBase"]
[SourceDate "2010.11.26"]
[SourceVersion "1"]
[SourceVersionDate "2010.11.26"]
[SourceQuality "1"]
[WhiteTeam "Filakovo"]
[BlackTeam "Kosice Slavia II"]
[WhiteTeamCountry "SVK"]
[BlackTeamCountry "SVK"]

1. e4 c5 2. Nc3 e6 3. g3 Nc6 4. Bg2 g6 5. d3 Bg7 6. Bd2 Nge7 7. Rb1 Rb8 8. f4 0-0 9. Nf3 Nd4 10. Ne2 Nec6 11. c3 Nxf3+ 12. Bxf3 b6 13. Be3 d5 14. 0-0 d4 15. Bf2 e5 16. cxd4 exd4 17. a3 1/2-1/2

[Event "SVK-chT1E 0910"]
[Site "Slovakia"]
[Date "2009.12.13"]
[Round "5.5"]
[White "Csolto, Tibor"]
[Black "Lyocsa, Stefan"]
[Result "0-1"]
[WhiteElo "2218"]
[BlackElo "2143"]
[PlyCount "98"]
[EventDate "2009.10.17"]
[EventType "team"]
[EventRounds "11"]
[EventCountry "SVK"]
[SourceTitle "EXT 2011"]
[Source "ChessBase"]
[SourceDate "2010.11.26"]
[SourceVersion "1"]
[SourceVersionDate "2010.11.26"]
[SourceQuality "1"]
[WhiteTeam "Kosice Slavia II"]
[BlackTeam "Kosice"]
[WhiteTeamCountry "SVK"]
[BlackTeamCountry "SVK"]

1. e4 e6 2. d4 d5 3. Nc3 Bb4 4. exd5 exd5 5. Bd3 Qf6 6. Nf3 Bg4 7. Bg5 Qd6 8. 0-0 Bxc3 9. bxc3 Nd7 10. Re1+ Be6 11. Qd2 Ngf6 12. Rab1 0-0 13. Rxb7 Qc6 14. Rb3 Ne4 15. Qe3 Nd6 16. Qf4 Rfe8 17. Ne5 Qa4 18. Nf3 a6 19. h3 Qxa2 20. Bh4 f6 21. Bg3 Qa4 22. Rbb1 Qc6 23. Qd2 Bf7 24. Bxd6 Rxe1+ 25. Rxe1 Qxd6 26. Nh4 g6 27. Qh6 Nf8 28. Re3 Ne6 29. Rf3 Qe7 30. c4 c6 31. cxd5 cxd5 32. c4 Nxd4 33. Re3 Qf8 34. Qf4 dxc4 35. Bf1 Rd8 36. Qxf6 Qd6 37. Qe5 Ne6 38. Qe4 Nf4 39. Nf5 Qf6 40. Ne7+ Kg7 41. g3 Rd3 42. Be2 Rd8 43. Rf3 Qe6 44. Re3 Qd6 45. Qb1 Rb8 46. Nc8 Nd3 47. Bxd3 cxd3 48. Qa1+ Kg8 49. Qc3 Qd7 0-1